000 00482 a2200169 4500
999 _c1107
_d1107
020 _a9780006862604
050 0 0 _aGN315. GEE 1993
100 1 _aGeertz, Clifford.
245 1 4 _aThe interpretation of cultures :
_bselected essays /
_cby Clifford Geertz.
264 _aNew York:
_bFontana press.,
_c1993
300 _aix, 470 p. ;
500 _aIncludes index.
504 _aBibliography: p. [455]-456.
650 0 _aEthnology.
650 0 _aCulture.
942 _2lcc
_cBK
_h315
_iGEE
_kGN